[Event "AUT-ch U12 Girls"]
[Site "St Veit"]
[Date "2022.04.11"]
[Round "3"]
[White "Huber, Valentina"]
[Black "Huber, Elisa"]
[Result "1/2-1/2"]
[WhiteElo "800"]
[BlackElo "1008"]
[PlyCount "61"]
[EventDate "2022.04.10"]
[EventType "swiss"]
[EventRounds "4"]
[EventCountry "AUT"]
[SourceTitle "EXT 2023"]
[Source "ChessBase"]
[SourceDate "2022.10.05"]
[SourceVersion "1"]
[SourceVersionDate "2022.10.05"]
[SourceQuality "1"]

1. d4 Nf6 2. Nc3 e6 3. Bf4 d5 4. Nb5 Na6 5. e3 Bd7 6. Nc3 c5 7. Nf3 Nc7 8. g3 Be7 9. Bg2 Nb5 10. Nxb5 Bxb5 11. Ne5 0-0 12. h4 Qa5+ 13. c3 Ba4 14. Qd2 cxd4 15. Qxd4 Bc5 16. Qd2 Rfd8 17. b4 Ne4 18. Bxe4 dxe4 19. bxa5 Rxd2 20. Kxd2 Rd8+ 21. Ke1 b5 22. axb6 Bxb6 23. Nc4 Bc5 24. Na5 Rd3 25. Rc1 Ba3 26. Rb1 h6 27. Nc4 Rxc3 28. Nxa3 Rxa3 29. Rb7 Rd3 30. Ke2 Rc3 31. Rhb1 1/2-1/2

[Event "AUT-ch U14 Girls Online Blitz"]
[Site "Playchess.com INT"]
[Date "2020.12.11"]
[Round "4"]
[White "Huber, Elisa"]
[Black "Vu Tran, Tue Anh"]
[Result "0-1"]
[WhiteElo "1582"]
[BlackElo "1667"]
[PlyCount "80"]
[EventDate "2020.12.11"]
[EventType "tourn (blitz)"]
[EventRounds "5"]
[EventCountry "AUT"]
[SourceTitle "EXT 2022"]
[Source "ChessBase"]
[SourceDate "2021.10.06"]
[SourceVersion "1"]
[SourceVersionDate "2021.10.06"]
[SourceQuality "1"]

1. d4 Nf6 2. Bf4 d6 3. Nc3 g6 4. e4 Bg7 5. Nf3 0-0 6. Bd3 Nbd7 7. Qd2 e5 8. dxe5 dxe5 9. Nxe5 Nxe5 10. Bxe5 Re8 11. Bf4 c5 12. 0-0-0 Bg4 13. f3 Be6 14. Bh6 c4 15. Bxg7 Kxg7 16. Bxc4 Qxd2+ 17. Rxd2 Bxc4 18. Rd4 Be6 19. e5 Nh5 20. g4 Nf6 21. exf6+ Kxf6 22. Rf4+ Kg7 23. h4 Rad8 24. h5 g5 25. h6+ Kg6 26. Ne2 gxf4 27. Nxf4+ Kg5 28. Nh3+ Kg6 29. Nf4+ Kf6 30. Rh5 Bxa2 31. b3 Re1+ 32. Kb2 Bb1 33. Rf5+ Ke7 34. g5 Rd2 35. Nd5+ Ke6 36. Rf6+ Kxd5 37. Rxf7 Rxc2+ 38. Ka3 Ra2+ 39. Kb4 a5+ 40. Kc3 Rc1# 0-1

[Event "AUT-ch U14 Girls Online Blitz"]
[Site "Playchess.com INT"]
[Date "2020.12.11"]
[Round "5"]
[White "Huber, Valentina"]
[Black "Huber, Elisa"]
[Result "0-1"]
[WhiteElo "1340"]
[BlackElo "1549"]
[PlyCount "96"]
[EventDate "2020.12.11"]
[EventType "tourn (blitz)"]
[EventRounds "5"]
[EventCountry "AUT"]
[SourceTitle "EXT 2022"]
[Source "ChessBase"]
[SourceDate "2021.10.06"]
[SourceVersion "1"]
[SourceVersionDate "2021.10.06"]
[SourceQuality "1"]

1. d4 Nf6 2. Bf4 g6 3. e3 Bg7 4. Nf3 0-0 5. Bd3 d5 6. c3 Bg4 7. Qc2 Bxf3 8. gxf3 Nc6 9. Nd2 e6 10. 0-0-0 a5 11. Rdg1 a4 12. a3 Qe7 13. h4 Nh5 14. Bg5 f6 15. Bf4 Rfb8 16. Nf1 b5 17. Ng3 Nxf4 18. exf4 Qd6 19. h5 f5 20. hxg6 hxg6 21. Nh5 Ne7 22. Nxg7 Kxg7 23. Rg2 Qxf4+ 24. Kb1 Qxf3 25. Rgh2 Rh8 26. Be2 Qf4 27. Qd1 Rxh2 28. Rxh2 Qxh2 29. f3 Qf4 30. Qh1 Qd2 31. Qd1 Qxd1+ 32. Bxd1 Nc6 33. f4 Kf6 34. Kc1 g5 35. Bf3 gxf4 36. Bg2 Kg5 37. Bh3 Kh4 38. Bf1 Kg3 39. Bd3 f3 40. Bf1 f2 41. Kd1 Kh2 42. Ke2 Kg1 43. Kd1 Kxf1 44. Kd2 Kg2 45. Ke3 f1Q 46. Kd2 Qf2+ 47. Kd3 e5 48. c4 dxc4+ 0-1

[Event "AUT-ch U14 Girls Online Blitz"]
[Site "Playchess.com INT"]
[Date "2020.12.11"]
[Round "2"]
[White "Valtiner, Valentina"]
[Black "Huber, Elisa"]
[Result "0-1"]
[WhiteElo "1620"]
[BlackElo "1540"]
[PlyCount "74"]
[EventDate "2020.12.11"]
[EventType "tourn (blitz)"]
[EventRounds "5"]
[EventCountry "AUT"]
[SourceTitle "EXT 2022"]
[Source "ChessBase"]
[SourceDate "2021.10.06"]
[SourceVersion "1"]
[SourceVersionDate "2021.10.06"]
[SourceQuality "1"]

1. e4 e5 2. Nf3 Nf6 3. Nc3 Nc6 4. Bb5 Bb4 5. Bxc6 dxc6 6. a3 Bxc3 7. bxc3 Bd7 8. Nxe5 Nxe4 9. Qf3 Nf6 10. d4 Qe7 11. Bg5 0-0-0 12. 0-0 h6 13. Bxf6 gxf6 14. Ng4 Bxg4 15. Qxg4+ Kb8 16. Rfe1 Qd6 17. h3 Rhg8 18. Qh5 Qd5 19. g3 Qxh5 20. Re2 Qxe2 21. Kg2 Qe4+ 22. Kg1 h5 23. g4 hxg4 24. hxg4 Rxg4+ 25. Kf1 Qg2+ 26. Ke2 Re8+ 27. Kd3 Qe4+ 28. Kc4 Qd5+ 29. Kd3 Rh4 30. Rg1 Rh3+ 31. Kd2 Qe4 32. Kc1 Qf4+ 33. Kb2 Qd2 34. Kb3 Qxc3+ 35. Ka2 Qxa3+ 36. Kb1 Qb4+ 37. Ka2 Ra3# 0-1